Floor loadings in historic buildings (Record no. 67712)

MARC details
000 -LEADER
fixed length control field 00848cam a2200241 4500
001 - CONTROL NUMBER
control field X113637
008 - FIXED-LENGTH DATA ELEMENTS--GENERAL INFORMATION
fixed length control field 010712n2001 000 0 eng u
035 ## - SYSTEM CONTROL NUMBER
System control number (Sirsi) u113637
100 ## - MAIN ENTRY--PERSONAL NAME
Personal name Hume, I.
110 ## - MAIN ENTRY--CORPORATE NAME
Corporate name or jurisdiction name as entry element IHBC Technical Sub-Committee
9 (RLIN) 4090
245 ## - TITLE STATEMENT
Title Floor loadings in historic buildings
260 ## - PUBLICATION, DISTRIBUTION, ETC.
Date of publication, distribution, etc. 2001
490 ## - SERIES STATEMENT
Series statement Context
Volume/sequential designation (70) June 2001, 25-26(2)
520 ## - SUMMARY, ETC.
Summary, etc. Observes that by considering the likely floor loadings of a change of use unnecessary alterations to historic buildings and the associated costs can be avoided.
650 ## - SUBJECT ADDED ENTRY--TOPICAL TERM
Topical term or geographic name entry element ALTERATIONS
650 ## - SUBJECT ADDED ENTRY--TOPICAL TERM
Topical term or geographic name entry element BRITISH STANDARD CODE OF PRACTICE FOR LOADING
650 ## - SUBJECT ADDED ENTRY--TOPICAL TERM
Topical term or geographic name entry element BRITISH STANDARDS
650 ## - SUBJECT ADDED ENTRY--TOPICAL TERM
Topical term or geographic name entry element BUILT ENVIRONMENT-BUILDING COSTS
650 ## - SUBJECT ADDED ENTRY--TOPICAL TERM
Topical term or geographic name entry element FLOOR LOADINGS
650 ## - SUBJECT ADDED ENTRY--TOPICAL TERM
Topical term or geographic name entry element HISTORIC BUILDINGS
690 ## - LOCAL SUBJECT ADDED ENTRY--TOPICAL TERM (OCLC, RLIN)
Topical term or geographic name as entry element BUILT ENVIRONMENT-CONSTRUCTION DESIGN
942 ## - ADDED ENTRY ELEMENTS (KOHA)
Suppress in OPAC 0
Holdings
Withdrawn status Lost status Source of classification or shelving scheme Damaged status Not for loan Home library Current library Shelving location Date acquired Total Checkouts Full call number Barcode Date last seen Copy number Price effective from Koha item type
    Dewey Decimal Classification     London London Journal article 12/07/2001   X113637 113637-1001 06/08/2019 1 06/08/2019 Journal article